• 首页
  • 本馆介绍
  • 公告通知
  • 最新文献
  • 馆藏检索
  • 电子资源
  • 读者导购
  • 参考咨询
  • 我的图书馆
  • 登录
  • 详细信息显示
  • 放入我的书架
  • 预约/预借图书
  • 作者相关作品
  • 分类相关作品
  • 丛书相关作品
  • 出版社相关作品

书目信息

  • 表格格式
  • 工作单格式
  • 卡片格式
题名:
数码照片拍摄与处理
    
 
作者: ;华信卓越公司 编著
分册:  
出版信息: 北京   电子工业出版社  2010
页数: 279页
开本: 22cm
丛书名:
单 册:
中图分类: J41 , TP391.41
科图分类:
主题词: 数字照相机--摄影技术--基本知识 , 数字照相机--图象处理--基本知识 , 数字照相机 , 摄影技术 , 图象处理
电子资源:
ISBN: 978-7-121-10195-3
000 01025nam0 22003131 45
001 1237763997
005 20120619084351.39
010    @a978-7-121-10195-3@dCNY28.00
100    @a20100709d2010 em y0chiy0110 ea
101 0  @achi
102    @aCN@b110000
105    @aa z 000yy
106    @ar
200 1  @a数码照片拍摄与处理@AShu Ma Zhao Pian Pai She Yu Chu Li@f华信卓越编著@FHua Xin Zhuo Yue Bian Zhu
210    @a北京@c电子工业出版社@d2010
215    @a279页@c图@d22cm@e附光盘1片
300    @a新电脑课堂
307    @a附光盘:ISBN 978-7-89457-144-1
330    @a本书介绍了数码相机的简单原理和摄影器材的使用方法,探讨了各种题材的摄影技巧,包括风光摄影、人像摄影等知识。
606 0  @a数字照相机@x摄影技术@x基本知识
606 0  @a数字照相机@x图象处理@x基本知识
606 0  @a数字照相机
606 0  @a摄影技术
606 0  @a图象处理
690    @aJ41@v4
690    @aTP391.41@v4
711 02 @a华信卓越公司@AHua Xin Zhuo Yue Gong Si@4编著
801  0 @aCN@bTSTCL@c20120605
905    @b0819181-85@dJ41@e258@f5
    
    数码照片拍摄与处理/华信卓越编著.-北京:电子工业出版社,2010
    279页:图;22cm+附光盘1片
    新电脑课堂
    
    ISBN 978-7-121-10195-3:CNY28.00
    本书介绍了数码相机的简单原理和摄影器材的使用方法,探讨了各种题材的摄影技巧,包括风光摄影、人像摄影等知识。
●
相关链接 在E读中查询图书 在五车中查询图书 在当当中查询图书 在豆瓣中查询图书


正题名:数码照片拍摄与处理     索取号:J41/258         预约/预借

序号 登录号 条形码 馆藏地/架位号 状态 备注
1 0819181   208191810   第一样本阅览室/ [索取号:J41/258] 在馆    
2 0819182   208191829   第一借阅区/ [索取号:J41/258] 在馆    
3 0819183   208191838   第一借阅区/ [索取号:J41/258] 在馆    
4 0819184   208191847   第一借阅区/ [索取号:J41/258] 在馆    
5 0819185   208191856   第一借阅区/ [索取号:J41/258] 在馆    
唐山师范学院图书馆 欢迎您!
大连网信软件有限公司© 版权所有